[Event "Tata Steel India Blitz w"]
[Site "Kolkata IND"]
[Date "2026.01.11"]
[Round "17.3"]
[White "Tsolakidou, Stavroula"]
[Black "Lagno, Kateryna"]
[Result "1-0"]
[WhiteTitle "IM"]
[BlackTitle "GM"]
[WhiteElo "2479"]
[BlackElo "2508"]
[WhiteFideId "4264312"]
[BlackFideId "14109336"]
[EventDate "2026.01.10"]

1. d4 d5 2. Nf3 e6 3. Bf4 c5 4. e3 Qb6 5. Nc3 Bd7 6. Qd3 Nf6 7. Be2 Nc6 8. O-O
c4 9. Qd2 Bb4 10. Qc1 Qa5 11. Nd1 b5 12. c3 Be7 13. Ne5 Qb6 14. Bf3 a5 15. Qc2
b4 16. e4 Nxe5 17. Bxe5 Nxe4 18. Bxe4 dxe4 19. Qxe4 Bc6 20. Qg4 O-O-O 21. Ne3
Qb5 22. Qxg7 Rdf8 23. Bg3 Rhg8 24. Qxh7 Bg5 25. cxb4 axb4 26. Qc2 Bxe3 27. fxe3
Kb7 28. e4 f5 29. exf5 exf5 30. Rae1 Be4 31. Rxe4 fxe4 32. Qxe4+ Qc6 33. Qe7+
Ka6 34. Rxf8 Rxf8 35. Qxf8 c3 36. bxc3 bxc3 37. Qa3+ Kb5 38. Qc5+ 1-0

[Event "Tata Steel India Blitz w"]
[Site "Kolkata IND"]
[Date "2026.01.11"]
[Round "17.4"]
[White "Vantika, Agrawal"]
[Black "Rakshitta, Ravi"]
[Result "1-0"]
[WhiteTitle "IM"]
[BlackTitle "WGM"]
[WhiteElo "2375"]
[BlackElo "2321"]
[WhiteFideId "25050389"]
[BlackFideId "25073230"]
[EventDate "2026.01.10"]

1. d4 Nf6 2. c4 e6 3. Nf3 d5 4. g3 Bb4+ 5. Bd2 Bd6 6. Bg2 c6 7. Qc2 Nbd7 8. O-O
O-O 9. Rd1 Qe7 10. Nh4 b6 11. Bc3 Bb7 12. Nd2 Rac8 13. e4 dxe4 14. Nxe4 Nxe4 15.
Qxe4 Nf6 16. Qe2 Rfe8 17. Re1 Ba8 18. Rad1 c5 19. Bxa8 Rxa8 20. d5 exd5 21. Qf3
Qd7 22. Bxf6 gxf6 23. Nf5 Bf8 24. Rxe8 Rxe8 25. Rxd5 Qe6 26. Kg2 Qe4 27. b3 h6
28. g4 Kh7 29. Rd7 Kg6 30. Rxa7 Qe5 31. h4 Bd6 32. h5+ Kg5 33. Rxf7 Qh2+ 34. Kf1
Rg8 35. Ne3 Qf4 36. Qd5+ Be5 37. Ke2 Kh4 38. Ng2+ 1-0

[Event "Tata Steel India Blitz w"]
[Site "Kolkata IND"]
[Date "2026.01.11"]
[Round "17.5"]
[White "Vaishali, Rameshbabu"]
[Black "Dronavalli, Harika"]
[Result "1-0"]
[WhiteTitle "GM"]
[BlackTitle "GM"]
[WhiteElo "2470"]
[BlackElo "2466"]
[WhiteFideId "5091756"]
[BlackFideId "5015197"]
[EventDate "2026.01.10"]

1. d4 g6 2. Nf3 Bg7 3. g3 f5 4. Bg2 Nf6 5. O-O O-O 6. c4 e6 7. Nc3 d6 8. Re1 Ne4
9. Nd2 Nxc3 10. bxc3 e5 11. dxe5 Bxe5 12. Qb3 Nd7 13. c5+ Kh8 14. cxd6 cxd6 15.
Nc4 Nc5 16. Qc2 Bg7 17. Rd1 Qe7 18. Bf4 Ne4 19. Bxe4 Qxe4 20. Qxe4 fxe4 21. Nxd6
Bg4 22. Nxe4 Bxe2 23. Re1 Bf3 24. Re3 Bxe4 25. Rxe4 Rf7 26. Rc1 Rc8 27. c4 h6
28. h4 b6 29. Kg2 Kh7 30. Rd1 Rc6 31. Rd8 Bf6 32. Ra8 g5 33. hxg5 hxg5 34. Bb8
a5 35. Ra6 Bg7 36. Ba7 Rb7 37. c5 Rxc5 38. Re6 Rc2 39. Bxb6 Rxa2 40. Be3 a4 41.
Re4 a3 42. Rea4 Rb3 43. Bxg5 Ra1 44. Ra7 Kg6 45. f4 Ra2+ 46. Kh3 Bc3 47. Kg4 Be1
48. R4a6+ 1-0

[Event "Tata Steel India Blitz w"]
[Site "Kolkata IND"]
[Date "2026.01.11"]
[Round "18.1"]
[White "Lagno, Kateryna"]
[Black "Vantika, Agrawal"]
[Result "0-1"]
[WhiteTitle "GM"]
[BlackTitle "IM"]
[WhiteElo "2508"]
[BlackElo "2375"]
[WhiteFideId "14109336"]
[BlackFideId "25050389"]
[EventDate "2026.01.10"]

1. e4 c5 2. Nf3 d6 3. Bb5+ Bd7 4. Bxd7+ Qxd7 5. d4 cxd4 6. Nxd4 Nf6 7. Nc3 g6 8.
Be3 Bg7 9. f3 Nc6 10. Qd2 O-O 11. O-O-O Ne5 12. Qe2 Rac8 13. Nd5 Nc4 14. Nxf6+
Bxf6 15. Bh6 Rfe8 16. Qd3 Rc5 17. Kb1 Rec8 18. c3 a5 19. Bc1 a4 20. a3 Bxd4 21.
Qxd4 Rb5 22. Ka1 e5 23. Qd3 Rb3 24. g4 b5 25. Qd5 Rc6 26. h4 Qc7 27. h5 Nxa3 28.
hxg6 hxg6 29. Bg5 Nc2+ 30. Kb1 Na3+ 31. Ka2 Rcxc3 32. Bf6 Rxb2+ 33. Kxb2 Rc2+ 0-1

[Event "Tata Steel India Blitz w"]
[Site "Kolkata IND"]
[Date "2026.01.11"]
[Round "18.2"]
[White "Rakshitta, Ravi"]
[Black "Vaishali, Rameshbabu"]
[Result "0-1"]
[WhiteTitle "WGM"]
[BlackTitle "GM"]
[WhiteElo "2321"]
[BlackElo "2470"]
[WhiteFideId "25073230"]
[BlackFideId "5091756"]
[EventDate "2026.01.10"]

1. d4 Nf6 2. Nf3 d5 3. e3 c5 4. Bb5+ Bd7 5. Be2 Nc6 6. b3 cxd4 7. exd4 g6 8. O-O
Bg7 9. c4 O-O 10. Nc3 Bg4 11. Be3 e6 12. Rc1 Rc8 13. h3 Bxf3 14. Bxf3 Ne7 15.
Bg5 dxc4 16. Bxb7 Rc7 17. Qf3 Nf5 18. Ne4 h6 19. Bxf6 Bxf6 20. Nxf6+ Qxf6 21.
bxc4 Qxd4 22. Rfd1 Qb2 23. Be4 Rfc8 24. Bxf5 exf5 25. Qb3 Qe5 26. Re1 Qc5 27.
Qd3 Qb4 28. Qd4 Rxc4 29. Rxc4 Qxe1+ 30. Kh2 Rxc4 31. Qxc4 Qxf2 32. Qc8+ Kg7 33.
Qc3+ Kh7 34. Qc7 Qxa2 35. Kg3 a5 36. Kf3 a4 37. h4 h5 38. Kf4 a3 39. Kg5 Qxg2+
40. Kf6 Qb2+ 41. Kg5 Kg7 42. Qd7 Qc1+ 0-1

[Event "Tata Steel India Blitz w"]
[Site "Kolkata IND"]
[Date "2026.01.11"]
[Round "18.3"]
[White "Dronavalli, Harika"]
[Black "Dzagnidze, Nana"]
[Result "0-1"]
[WhiteTitle "GM"]
[BlackTitle "GM"]
[WhiteElo "2466"]
[BlackElo "2469"]
[WhiteFideId "5015197"]
[BlackFideId "13601903"]
[EventDate "2026.01.10"]

1. Nf3 Nf6 2. c4 c5 3. Nc3 e6 4. d4 cxd4 5. Nxd4 Nc6 6. g3 Qb6 7. Ndb5 a6 8.
Nd6+ Bxd6 9. Qxd6 Qb4 10. Qf4 e5 11. Qg5 O-O 12. Bg2 Qxc4 13. O-O d5 14. Bd2 h6
15. Qh4 Qxh4 16. gxh4 Be6 17. Rac1 Rac8 18. Rfd1 b5 19. e3 Rfd8 20. Be1 Ne7 21.
a3 d4 22. Ne4 Nxe4 23. Rxc8 Rxc8 24. Bxe4 dxe3 25. fxe3 Nf5 26. Bf2 g6 27. Bb7
Rc2 28. Bxa6 Rxb2 29. Rc1 e4 30. Rc5 Nd6 31. Rc6 Nc4 32. Rc7 Ne5 33. Rc5 Nf3+
34. Kg2 Ne1+ 35. Kg3 Nd3 36. Rxb5 Rxf2 37. Rb8+ Kg7 38. Bxd3 Rf3+ 39. Kg2 Bh3+ 0-1

[Event "Tata Steel India Blitz w"]
[Site "Kolkata IND"]
[Date "2026.01.11"]
[Round "18.4"]
[White "Divya, Deshmukh"]
[Black "Yip, Carissa"]
[Result "1/2-1/2"]
[WhiteTitle "GM"]
[BlackTitle "IM"]
[WhiteElo "2497"]
[BlackElo "2466"]
[WhiteFideId "35006916"]
[BlackFideId "2090732"]
[EventDate "2026.01.10"]

1. d4 d6 2. e4 g6 3. Bd3 Bg7 4. c3 e5 5. Nf3 Nc6 6. Bc2 Bg4 7. d5 Nce7 8. c4 Nf6
9. Nc3 O-O 10. O-O Nh5 11. h3 Bd7 12. Be3 f5 13. exf5 Nxf5 14. Bxf5 gxf5 15.
Nxe5 Bxe5 16. Qxh5 f4 17. Bd2 Rf5 18. Qf3 Kh8 19. Ne4 Qe7 20. Bc3 Rg8 21. Rfe1
Qh4 22. Kf1 Be8 23. Nd2 Bh5 24. Qe4 Qf6 25. Bxe5 Rxe5 26. Qd3 Qg5 27. Rxe5 Qxg2+
28. Ke1 dxe5 29. Nf1 Qh1 30. Qf5 Bg6 31. Qf6+ Rg7 32. Qd8+ Rg8 33. Qf6+ Rg7 34.
Qf8+ Rg8 35. Qf6+ Rg7 36. Qf8+ Rg8 37. Qf6+ Rg7 1/2-1/2

[Event "Tata Steel India Blitz w"]
[Site "Kolkata IND"]
[Date "2026.01.11"]
[Round "18.5"]
[White "Goryachkina, Aleksandra"]
[Black "Tsolakidou, Stavroula"]
[Result "0-1"]
[WhiteTitle "GM"]
[BlackTitle "IM"]
[WhiteElo "2534"]
[BlackElo "2479"]
[WhiteFideId "4147103"]
[BlackFideId "4264312"]
[EventDate "2026.01.10"]

1. e4 e6 2. d4 d5 3. Nd2 c5 4. exd5 Qxd5 5. Ngf3 cxd4 6. Bc4 Qd7 7. O-O Nc6 8.
Nb3 a6 9. Nbxd4 Nxd4 10. Qxd4 Qxd4 11. Nxd4 Bc5 12. Rd1 Bd7 13. Be3 Rc8 14. Be2
e5 15. Nf3 f6 16. Bxc5 Rxc5 17. c4 Ne7 18. Nd2 Nf5 19. Bg4 Rc7 20. b3 Ke7 21.
Ne4 Nd4 22. Bxd7 Rxd7 23. Kf1 Rc8 24. Rac1 Rdc7 25. f4 Ke6 26. Re1 b5 27. c5 b4
28. Rcd1 Kd5 29. Nd6 Rd8 30. Nc4 Re8 31. Nd6 Re6 32. f5 Rxd6 33. cxd6 Kxd6 34.
Rd2 Rc3 35. Red1 Kc5 36. Rd3 Rc2 37. R3d2 Rc3 38. g4 h5 39. gxh5 Nxf5 40. Kg1
Ne3 41. Re1 f5 42. Rd7 f4 43. Rxg7 Kd4 44. h6 Rc6 45. h7 Rh6 46. Kh1 Kd3 47.
Reg1 f3 48. Rf7 Ke2 49. Rb1 Ng4 50. Rb2+ Ke3 51. Kg1 f2+ 52. Rbxf2 Nxf2 53. Rxf2
Rxh7 54. Rf6 a5 55. Rg6 e4 56. Kg2 Rf7 57. Kg3 Kd2 58. Rd6+ Kc3 59. Re6 Kb2 60.
Rxe4 Kxa2 61. Re3 Rc7 62. h4 Rc3 63. Kf4 Rxe3 64. Kxe3 a4 65. h5 axb3 66. h6 b2
67. h7 b1=Q 68. h8=Q Qb3+ 69. Kf4 Qc3 70. Qa8+ Kb2 71. Kg5 b3 72. Kh6 Kb1 73.
Qe4+ Qc2 74. Qe5 b2 75. Kh5 Ka1 76. Qa5+ Kb1 77. Qe5 Qd1+ 78. Kh4 Kc2 79. Qc5+
Kb3 80. Qb5+ Ka3 81. Qc5+ Ka2 82. Qa5+ Kb1 83. Qf5+ Qc2 84. Qf1+ Ka2 85. Qa6+
Kb3 86. Qb5+ Kc3 87. Qc5+ Kd2 88. Qg5+ Kd3 89. Qf5+ Kc3 90. Qc8+ Kd2 91. Qd7+
Qd3 0-1